00450 2200181 4500001002100000008004100021035002000062245006500082100001500147250000600162260002900168300001200197084001400209082000800223650001300231990001200244990001200256INLIS000000000000794 ind  a0010-0524000029 aCara Cespleng Pintar Fisika SMA Kelas X, XI, XIIcSumarni S. aSumarni S. a1 aYogyakarta :bAndic2015 a290 hlm a530 SUM c a530 aNonFiksi a0740437 a0740438